00960nam a2200241Ia 4500003000900000008004100009020001800050040001600068080002200084110003600106111006800142245022300210260004200433300001600475490002600491650004100517650002200558650002100580650002400601700002800625700002800653710003700681IN-BaIIA211028s9999 xx 000 0 eng d a90-277-0396-5 cIIA Library a082.2:52bIAU-S52 aIntenational Astronomical Union aIntenational Astronomical Union Symposiumn52ndcNew Yorkd1972 0aInterstellar dust and related topicsbproceedings of the IAU symposium no.52 held in the state university of New York at Albany, New York, U.S.A., 29 May-2 June, 1972cedited by Mayo J. Greenberg and H. C. Van De Hulst aDordrechtbD. Reidel Publishingc1973 axvii, 584p. aIAU Symposium; no. 52 aAstronomy and Astrophysics Thesaurus aInterstellar dust aInterstellar gas aInterstellar matter aGreenberg, Mayo J., ed. aVan De Hult, H. C., ed. aInternational Astronomical Union